Religions practiced in tunisia - Statistics

General Stats
  • This quiz has been taken 41 times
  • The average score is 5 of 6
Answer Stats
people Answer % Correct
6,960,000 Sunni islam
97%
4,800,000 Unaffiliated islam
94%
30,000 Catholicism christianity
88%
2,000 Protestanism christianity
88%
1,500 Judaism
65%
1,400 Baha'i
18%
No matching quizzes found
Score Distribution
Percent of People with Each Score
Percentile by Number Answered
Your Score History
You have not taken this quiz